| 000 | 00929cam a22001694a 4500 | ||
|---|---|---|---|
| 005 | 20250605163659.0 | ||
| 008 | 250528s ||||||||||||||||||||||||d | ||
| 035 | _a24209 | ||
| 040 |
_aGR-AtMCL _bgre _dGR-AtMCL _eAACR2 |
||
| 245 | 1 | _aΗ Ευρ΄ωπη των Πολιτών | |
| 260 |
_bΔιοικητική Μονάδα 'Εκδόσεις' _bΟπτικοακουστικός Τομέας, Πληροφόρηση, Επικοινωνία Και Πολιτιστικά Θέματα, _c1992 |
||
| 300 | _a6 | ||
| 520 | _aΜια Ευρώπη Ελευθεριών, 345 Εκατομμύρια Καταναλωτές, Η Προστασία της Υγείας, Ένας Ευρωπαϊκός Ορίζοντας για τους Νέους, Η Ρύπανση δεν Γνωρίζει Σύνορα, Ταυτότητα και Ιθαγένεια των Πολιτών. | ||
| 942 | _cCR | ||
| 999 |
_c9103 _d9103 |
||